| 000 | 00686cam a22002413a 4500 | ||
|---|---|---|---|
| 001 | 42741 | ||
| 003 | PGUSA | ||
| 005 | 20140828083952.0 | ||
| 008 | 130520s2013||||xxu|||||s|||||000 | eng d | ||
| 040 |
_aPGUSA _beng |
||
| 042 | _adc | ||
| 050 | 4 | _aQE | |
| 100 | 1 |
_aDawson, John William, _cSir, _d1820-1899 |
|
| 245 | 1 | 4 |
_aThe Story of the Earth and Man _h[electronic resource] / _cJohn William, Dawson |
| 260 |
_bProject Gutenberg, _c2013 |
||
| 506 | _aPublic domain in the USA. | ||
| 516 | _aElectronic text | ||
| 653 | _aPaleontology | ||
| 653 | _aHuman beings -- Origin | ||
| 830 | 0 |
_aProject Gutenberg _v42741 |
|
| 856 | 4 | 0 | _uhttp://www.gutenberg.org/ebooks/42741 |
| 942 | _cEB | ||
| 999 |
_c271993 _d271993 |
||